[Event "Olimpiada de Khanty-Mansiysk 2010"]
[Site "Khanty-Mansiysk RUS"]
[Date "2010.09.30"]
[Round "9"]
[White "Amonatov, Farrukh"]
[Black "Adly, Ahmed"]
[Result "0-1"]
[WhiteElo "2602"]
[BlackElo "2630"]
[PlyCount "104"]
[EventDate "2010.09.21"]
[EventType "team"]
[EventRounds "11"]
[EventCountry "RUS"]
[Source "lmi"]
[SourceDate "2010.09.21"]
[WhiteTeam "Tayikistán"]
[BlackTeam "Egipto"]
[WhiteTeamCountry "TJK"]
[BlackTeamCountry "EGY"]

1. e4 c5 2. Nf3 d6 3. d4 Nf6 4. Nc3 cxd4 5. Nxd4 a6 6. Be3 Ng4 7. Bg5 h6 8. Bh4
g5 9. Bg3 Bg7 10. h3 Ne5 11. f3 Nbc6 12. Bf2 Nxd4 13. Bxd4 Be6 14. Qd2 Qa5 15.
a3 Rc8 16. O-O-O Kd7 17. h4 Rc6 18. hxg5 hxg5 19. Rxh8 Bxh8 20. Kb1 Ng6 21.
Bxh8 Nxh8 22. Qd4 Ng6 23. Nd5 Qc5 24. Qd2 Rc8 25. c3 f6 26. g3 Rh8 27. Qc2 Ne5
28. f4 gxf4 29. gxf4 Ng4 30. Qb3 Bxd5 31. exd5 Kc8 32. Re1 Qf2 33. Qc4+ Kd8 34.
Qe4 Rh7 35. Bd3 Rg7 36. Rh1 Qe3 37. Rh8+ Kc7 38. Qc4+ Qc5 39. Qb3 Ne3 40. Rh5
Rg1+ 41. Ka2 Rd1 42. Bg6 Rd2 43. Rh7 b5 44. Rxe7+ Kb6 45. Bb1 Nc4 46. Re4 Na5
47. Qb4 Qxd5+ 48. c4 Nxc4 49. Ka1 Rxb2 50. Rxc4 Rxb4 51. Rxb4 a5 52. Re4 f5 0-1

[Event "Olimpiada de Khanty-Mansiysk 2010"]
[Site "Khanty-Mansiysk RUS"]
[Date "2010.09.30"]
[Round "9"]
[White "Amin, Bassem"]
[Black "Isaev, Jamshed"]
[Result "1-0"]
[WhiteElo "2578"]
[BlackElo "2382"]
[PlyCount "91"]
[EventDate "2010.09.21"]
[EventType "team"]
[EventRounds "11"]
[EventCountry "RUS"]
[Source "lmi"]
[SourceDate "2010.09.21"]
[WhiteTeam "Egipto"]
[BlackTeam "Tayikistán"]
[WhiteTeamCountry "EGY"]
[BlackTeamCountry "TJK"]

1. e4 e5 2. Nf3 Nc6 3. Bb5 a6 4. Ba4 Nf6 5. O-O b5 6. Bb3 Bc5 7. c3 d6 8. d4
Bb6 9. h3 O-O 10. Re1 Bb7 11. Be3 exd4 12. cxd4 Na5 13. d5 Nxb3 14. Qxb3 c5 15.
dxc6 Bxc6 16. Bxb6 Qxb6 17. Nbd2 Rfe8 18. Qd3 Qb7 19. Qxd6 Nxe4 20. Nxe4 Bxe4
21. Re3 Rad8 22. Qf4 Bxf3 23. Rxf3 Re4 24. Qf5 g6 25. Qf6 Rde8 26. Rd3 R4e6 27.
Qc3 b4 28. Qc4 Qb6 29. Rd4 a5 30. Rad1 h5 31. Rf4 Qb8 32. h4 Re1+ 33. Rxe1
Rxe1+ 34. Kh2 Re6 35. g3 Qe5 36. Qb3 Qe1 37. Qf3 Re7 38. Qa8+ Kg7 39. Qxa5 Re2
40. Qa7 Re7 41. Qd4+ Kg8 42. Qxb4 Qe2 43. a4 Rd7 44. a5 Rd2 45. Qb8+ Kg7 46.
Qc7 1-0

[Event "Olimpiada de Khanty-Mansiysk 2010"]
[Site "Khanty-Mansiysk RUS"]
[Date "2010.09.30"]
[Round "9"]
[White "Ezat, Mohamed"]
[Black "Khouseinov, Rashid"]
[Result "1/2-1/2"]
[WhiteElo "2448"]
[BlackElo "2364"]
[PlyCount "112"]
[EventDate "2010.09.21"]
[EventType "team"]
[EventRounds "11"]
[EventCountry "RUS"]
[Source "lmi"]
[SourceDate "2010.09.21"]
[WhiteTeam "Egipto"]
[BlackTeam "Tayikistán"]
[WhiteTeamCountry "EGY"]
[BlackTeamCountry "TJK"]

1. d4 d6 2. c4 e5 3. Nf3 Nd7 4. Nc3 g6 5. e4 Bg7 6. Bg5 f6 7. Bc1 Nh6 8. h4 c6
9. h5 g5 10. d5 Bf8 11. Nh2 Nc5 12. g4 Be7 13. f3 O-O 14. Be2 Qd7 15. Kf1 Na6
16. Kg2 Nc7 17. Nf1 Ne8 18. Ne3 Ng7 19. Rb1 Bd8 20. Qd3 Bb6 21. Nc2 Qe7 22. b3
Rd8 23. Ba3 c5 24. Bc1 Bd7 25. a3 Rab8 26. Na1 Be8 27. Be3 Rdc8 28. Rbc1 Ba5
29. Bd2 Qd8 30. Nc2 a6 31. b4 Bb6 32. Na1 Ba7 33. Nb3 b6 34. Be3 Bd7 35. Qd2
Nf7 36. Rb1 Ne8 37. Rhc1 Ra8 38. Na1 Rcb8 39. Nb3 Rc8 40. Na1 Rcb8 41. Qe1 Qc8
42. Qf2 Qd8 43. Nb3 Rc8 44. Nd2 Rcb8 45. Nf1 Nh6 46. a4 a5 47. bxa5 bxa5 48.
Nb5 Bb6 49. Rb2 Nf7 50. Rcb1 Bxb5 51. cxb5 Qc7 52. Nd2 Nd8 53. Nc4 Nb7 54. h6
Nd8 55. Rh1 Nf7 56. Bd2 Ra7 1/2-1/2

[Event "Olimpiada de Khanty-Mansiysk 2010"]
[Site "Khanty-Mansiysk RUS"]
[Date "2010.09.30"]
[Round "9"]
[White "Bezgodov, Alexei"]
[Black "Gonzalez Zamora, Juan Car"]
[Result "1/2-1/2"]
[WhiteElo "2485"]
[BlackElo "2564"]
[PlyCount "95"]
[EventDate "2010.09.21"]
[EventType "team"]
[EventRounds "11"]
[EventCountry "RUS"]
[Source "lmi"]
[SourceDate "2010.09.21"]
[WhiteTeam "RU4"]
[BlackTeam "México"]
[BlackTeamCountry "MEX"]

1. e4 c5 2. Nc3 e6 3. Nf3 a6 4. d4 cxd4 5. Nxd4 Qc7 6. g3 Nf6 7. Bg2 d6 8. O-O
Be7 9. Be3 Bd7 10. Qe2 Nc6 11. a4 O-O 12. Nxc6 Bxc6 13. Bd4 Rac8 14. Rfd1 Rfe8
15. h3 h6 16. Rd2 e5 17. Be3 Qa5 18. Nd5 Nxd5 19. exd5 Bd7 20. c3 f5 21. Rc2
Qd8 22. a5 Bf6 23. c4 Qe7 24. Qd2 Qf7 25. c5 dxc5 26. d6 e4 27. Rxc5 Rxc5 28.
Bxc5 Rc8 29. Rc1 Qb3 30. Bb6 Rxc1+ 31. Qxc1 Qd5 32. Qc7 Bb5 33. b4 Kh7 34. Qc5
Qe6 35. Bf1 Bd3 36. Bg2 Bb5 37. Bc7 Bg5 38. Bb6 Bf6 39. h4 f4 40. gxf4 Qg4 41.
Qe3 Bc6 42. Bc5 Bxh4 43. Qh3 Qxf4 44. Qe6 Qc1+ 45. Kh2 Qf4+ 46. Kg1 Qc1+ 47.
Kh2 Qf4+ 48. Kg1 1/2-1/2

[Event "Olimpiada de Khanty-Mansiysk 2010"]
[Site "Khanty-Mansiysk RUS"]
[Date "2010.09.30"]
[Round "9"]
[White "Gonzalez Garcia, Jose"]
[Black "Genba, Vladimir"]
[Result "1/2-1/2"]
[WhiteElo "2543"]
[BlackElo "2445"]
[PlyCount "112"]
[EventDate "2010.09.21"]
[EventType "team"]
[EventRounds "11"]
[EventCountry "RUS"]
[Source "lmi"]
[SourceDate "2010.09.21"]
[WhiteTeam "México"]
[BlackTeam "RU4"]
[WhiteTeamCountry "MEX"]

1. d4 d5 2. c4 e6 3. Nf3 c5 4. cxd5 exd5 5. g3 Nc6 6. Bg2 Nf6 7. O-O Be7 8. Nc3
O-O 9. dxc5 Bxc5 10. Na4 Be7 11. Be3 Re8 12. Rc1 Bg4 13. h3 Bxf3 14. Bxf3 Qd7
15. Bg2 Rad8 16. a3 Ne4 17. Bxe4 dxe4 18. Qxd7 Rxd7 19. Rfd1 Red8 20. Rxd7 Rxd7
21. g4 g6 22. Nc5 Bxc5 23. Rxc5 f6 24. Kg2 Kf7 25. Kg3 g5 26. Rc4 Re7 27. b4 a6
28. a4 Re5 29. Bd2 Ke8 30. h4 h6 31. Bc3 Re6 32. Rc5 Ne7 33. e3 b6 34. Rc4 Nd5
35. Bb2 b5 36. axb5 axb5 37. Rc5 Nxb4 38. Rxb5 Nd3 39. Bd4 Kf7 40. h5 Re7 41.
Rb8 Ne5 42. Rh8 Kg7 43. Ra8 Nf3 44. Bc5 Rc7 45. Bf8+ Kf7 46. Ba3 Rc2 47. Ra7+
Ke6 48. Ra6+ Kf7 49. Ra7+ Ke6 50. Ra6+ Kf7 51. Ra4 Nd2 52. Ra7+ Ke6 53. Re7+
Kd5 54. Rd7+ Ke6 55. Re7+ Kd5 56. Rd7+ Ke5 1/2-1/2

[Event "Olimpiada de Khanty-Mansiysk 2010"]
[Site "Khanty-Mansiysk RUS"]
[Date "2010.09.30"]
[Round "9"]
[White "Yoshan, Valeriy"]
[Black "Ibarra Chami, Luis Fernan"]
[Result "1-0"]
[WhiteElo "2408"]
[BlackElo "2444"]
[PlyCount "125"]
[EventDate "2010.09.21"]
[EventType "team"]
[EventRounds "11"]
[EventCountry "RUS"]
[Source "lmi"]
[SourceDate "2010.09.21"]
[WhiteTeam "RU4"]
[BlackTeam "México"]
[BlackTeamCountry "MEX"]

1. c4 e6 2. g3 d5 3. Bg2 Nf6 4. Nf3 dxc4 5. Na3 Bxa3 6. bxa3 Nc6 7. Bb2 Qd6 8.
Qc2 e5 9. Qxc4 Be6 10. Qa4 O-O 11. O-O Rad8 12. d3 Nd7 13. Rfc1 f6 14. Nd2 Nb6
15. Qd1 Bd5 16. Ne4 Qe7 17. Nc5 Na5 18. Qe1 Bxg2 19. Kxg2 Nac4 20. Nxb7 Nxb2
21. Nxd8 Rxd8 22. Qb4 Qxb4 23. axb4 Nd5 24. a3 Na4 25. Rc6 Ndc3 26. Kf1 Rd5 27.
Ra6 Rb5 28. Rxa7 c5 29. Ra5 cxb4 30. Rxb5 Nxb5 31. axb4 Nac3 32. e3 Kf7 33. Ke1
Nd5 34. Kd2 Ndc7 35. h4 Ke6 36. Kc2 Kd5 37. Kb3 Kc6 38. f4 Nd6 39. fxe5 fxe5
40. Rc1+ Kb6 41. Rc5 e4 42. d4 g6 43. g4 Nce8 44. h5 Nf7 45. hxg6 hxg6 46. Kc4
Nf6 47. d5 Ne5+ 48. Kc3 Nfd7 49. Kd4 Nxg4 50. Rc6+ Kb5 51. Kxe4 Ngf6+ 52. Kd4
g5 53. e4 g4 54. Rc2 g3 55. e5 Ng4 56. e6 Ndf6 57. e7 Nh6 58. Ke5 Ne8 59. Ke6
Ng7+ 60. Kd7 Ng4 61. d6 Nf6+ 62. Kc8 Nf5 63. Rc5+ 1-0

[Event "Olimpiada de Khanty-Mansiysk 2010"]
[Site "Khanty-Mansiysk RUS"]
[Date "2010.09.30"]
[Round "9"]
[White "Buhmann, Rainer"]
[Black "Potapov, Pavel"]
[Result "1/2-1/2"]
[WhiteElo "2563"]
[BlackElo "2464"]
[PlyCount "220"]
[EventDate "2010.09.21"]
[EventType "team"]
[EventRounds "11"]
[EventCountry "RUS"]
[Source "lmi"]
[SourceDate "2010.09.21"]
[WhiteTeam "Alemania"]
[BlackTeam "RU5"]
[WhiteTeamCountry "GER"]

1. Nf3 d5 2. d4 Nf6 3. c4 c6 4. e3 e6 5. Nbd2 Nbd7 6. Bd3 Bd6 7. O-O O-O 8. e4
e5 9. cxd5 cxd5 10. exd5 exd4 11. Ne4 Nxe4 12. Bxe4 Nf6 13. Bg5 Be7 14. Bxf6
Bxf6 15. Nxd4 Qb6 16. Nb3 Bd7 17. Qd3 h6 18. Rfd1 Rad8 19. Rd2 Bb5 20. Qf3 Rfe8
21. Rad1 Bg5 22. Rc2 Re5 23. g3 g6 24. h4 Be7 25. Rcd2 Bb4 26. Rd4 a5 27. Qf4
Rh5 28. d6 Rd7 29. Qf6 Qd8 30. Qxd8+ Rxd8 31. a3 Ba4 32. axb4 Bxb3 33. Rc1 b6
34. Rc6 Rb5 35. Bd3 Rxb4 36. Rxb4 axb4 37. Rxb6 Be6 38. f4 b3 39. Kf2 Kg7 40.
Ke3 Kf6 41. Kd4 Ra8 42. Ba6 g5 43. fxg5+ hxg5 44. hxg5+ Kxg5 45. Kc5 Kf6 46.
Kc6 Rd8 47. Rb4 Ke5 48. Rb5+ Kd4 49. Ra5 f6 50. Bb7 Rg8 51. Ra4+ Ke3 52. Rf4 f5
53. d7 Bxd7+ 54. Kxd7 Rxg3 55. Rxf5 Kd2 56. Bd5 Kc1 57. Rf2 Rd3 58. Kc6 Rd2 59.
Rf3 Kxb2 60. Rxb3+ Kc2 61. Rg3 Kb2 62. Kc5 Kc2 63. Kc4 Re2 64. Ra3 Kd2 65. Kd4
Rf2 66. Be4 Ke2 67. Ra1 Kd2 68. Rb1 Ke2 69. Rb3 Kd2 70. Bf3 Kc2 71. Rc3+ Kb2
72. Be4 Rd2+ 73. Kc4 Rf2 74. Rb3+ Kc1 75. Kd4 Kd2 76. Bf3 Ke1 77. Rb1+ Kd2 78.
Ke4 Kc2 79. Ra1 Kb2 80. Rh1 Rc2 81. Kd4 Rd2+ 82. Ke3 Rd6 83. Be4 Kc3 84. Rc1+
Kb4 85. Bd3 Re6+ 86. Kd2 Rd6 87. Rb1+ Kc5 88. Kc3 Kd5 89. Rb5+ Ke6 90. Kd2 Kd7
91. Ke3 Kc6 92. Re5 Rh6 93. Kd4 Rd6+ 94. Kc4 Rf6 95. Be4+ Kd6 96. Kd4 Rh6 97.
Ra5 Rf6 98. Bf5 Kc7 99. Ke5 Rc6 100. Be4 Rh6 101. Bd5 Rh5+ 102. Kd4 Kd6 103.
Ra6+ Kd7 104. Kc5 Ke7 105. Re6+ Kf8 106. Kd6 Rg5 107. Be4 Kf7 108. Bd3 Rg3 109.
Bf5 Rg1 110. Re3 Kf6 1/2-1/2

[Event "Olimpiada de Khanty-Mansiysk 2010"]
[Site "Khanty-Mansiysk RUS"]
[Date "2010.09.30"]
[Round "9"]
[White "Kopylov, Alexander A"]
[Black "Bogner, Sebastian"]
[Result "0-1"]
[WhiteElo "2438"]
[BlackElo "2549"]
[PlyCount "150"]
[EventDate "2010.09.21"]
[EventType "team"]
[EventRounds "11"]
[EventCountry "RUS"]
[Source "lmi"]
[SourceDate "2010.09.21"]
[WhiteTeam "RU5"]
[BlackTeam "Alemania"]
[BlackTeamCountry "GER"]

1. d4 d5 2. Nf3 Nf6 3. g3 g6 4. Bg2 Bg7 5. c4 dxc4 6. Qa4+ Nfd7 7. O-O Nc6 8.
Qxc4 Nb6 9. Qc2 O-O 10. Rd1 Bf5 11. Qb3 a5 12. Na3 a4 13. Qc3 e5 14. Bg5 exd4
15. Qc1 Qd7 16. Bh6 Rfe8 17. Bxg7 Kxg7 18. Nb5 d3 19. exd3 Kg8 20. d4 Ra5 21.
Nc3 Bg4 22. d5 Bxf3 23. Bxf3 Ne5 24. Bg2 Qf5 25. f4 Ng4 26. Re1 Raa8 27. Qd2
Nc4 28. Qd4 Nd6 29. h3 Qf6 30. Qb4 Ne3 31. Ne4 Nxe4 32. Bxe4 Nf5 33. Kh2 Nd6
34. Bc2 h5 35. h4 b5 36. a3 Rab8 37. Bd3 Nc4 38. Re2 Rxe2+ 39. Bxe2 Re8 40.
Bxc4 bxc4 41. Rg1 Qd4 42. Rg2 Qxd5 43. Qxa4 Re1 44. Qc2 Qd3 45. Rf2 Kh7 46. f5
gxf5 47. Qc3 Qe4 48. Qf3 Kg6 49. Qg2 Kh6 50. Rf4 Qe3 51. Rf3 Qe5 52. Rf2 Re4
53. Kh3 Re3 54. Kh2 Kg6 55. Qc6+ Qd6 56. Qg2 Re4 57. Qf3 Qe5 58. Kh3 f6 59. Kg2
Re3 60. Qf4 Qe4+ 61. Kh3 Re1 62. Qxe4 fxe4 63. Rc2 Rh1+ 64. Kg2 Rb1 65. Kf2 Kf5
66. Ke3 Re1+ 67. Kd2 Rg1 68. Rc3 Rg2+ 69. Kc1 Ke5 70. a4 Kd4 71. a5 e3 72. Kd1
Rxb2 73. Ra3 c3 74. a6 Kd3 75. Ra1 Rh2 0-1

[Event "Olimpiada de Khanty-Mansiysk 2010"]
[Site "Khanty-Mansiysk RUS"]
[Date "2010.09.30"]
[Round "9"]
[White "Bindrich, Falko"]
[Black "Savitskiy, Sergey"]
[Result "1/2-1/2"]
[WhiteElo "2507"]
[BlackElo "2373"]
[PlyCount "69"]
[EventDate "2010.09.21"]
[EventType "team"]
[EventRounds "11"]
[EventCountry "RUS"]
[Source "lmi"]
[SourceDate "2010.09.21"]
[WhiteTeam "Alemania"]
[BlackTeam "RU5"]
[WhiteTeamCountry "GER"]

1. d4 Nf6 2. c4 g6 3. g3 Bg7 4. Bg2 O-O 5. Nf3 d6 6. O-O Nc6 7. Nc3 a6 8. Bf4
Bf5 9. Rc1 Ne4 10. Nd5 e5 11. Be3 Nf6 12. dxe5 dxe5 13. Bg5 Re8 14. Nd2 h6 15.
Nxf6+ Bxf6 16. Bxh6 e4 17. Bf4 Qe7 18. Be3 Bxb2 19. Rb1 Bc3 20. Qc1 Bb4 21. c5
Rad8 22. Nb3 Qe5 23. Bf4 Qg7 24. Bxc7 Rd7 25. Bf4 e3 26. Bxe3 Bxb1 27. Qxb1 a5
28. a3 Bxa3 29. Bxc6 bxc6 30. Nxa5 Rxe3 31. fxe3 Qc3 32. Qe4 Rc7 33. Nxc6 Bxc5
34. Nd4 Re7 35. Qf3 1/2-1/2

[Event "Olimpiada de Khanty-Mansiysk 2010"]
[Site "Khanty-Mansiysk RUS"]
[Date "2010.09.30"]
[Round "9"]
[White "Yuffa, Daniil"]
[Black "Kraemer, Martin"]
[Result "0-1"]
[WhiteElo "2235"]
[BlackElo "2516"]
[PlyCount "64"]
[EventDate "2010.09.21"]
[EventType "team"]
[EventRounds "11"]
[EventCountry "RUS"]
[Source "lmi"]
[SourceDate "2010.09.21"]
[WhiteTeam "RU5"]
[BlackTeam "Alemania"]
[BlackTeamCountry "GER"]

1. d4 d5 2. Nf3 Nf6 3. g3 c6 4. Bg2 Bf5 5. O-O e6 6. b3 Be7 7. Bb2 h6 8. c4 O-O
9. Nc3 Nbd7 10. Re1 Qa5 11. Qd2 Qa6 12. Ne5 Rad8 13. Nxd7 Rxd7 14. cxd5 exd5
15. Bf1 Qa5 16. a3 Qd8 17. b4 Re8 18. e3 a6 19. Qd1 Bd6 20. Qb3 h5 21. a4 h4
22. b5 Ng4 23. Ne2 Qf6 24. Nf4 g5 25. Nh3 Nxh2 26. Kxh2 hxg3+ 27. fxg3 Bxh3 28.
e4 Qf2+ 29. Kxh3 f5 30. exf5 g4+ 31. Kh4 Rh7+ 32. Kg5 Rg7+ 0-1

[Event "Olimpiada de Khanty-Mansiysk 2010"]
[Site "Khanty-Mansiysk RUS"]
[Date "2010.09.30"]
[Round "9"]
[White "Salem, A R  Saleh"]
[Black "Beliavsky, Alexander G"]
[Result "1-0"]
[WhiteElo "2501"]
[BlackElo "2632"]
[PlyCount "37"]
[EventDate "2010.09.21"]
[EventType "team"]
[EventRounds "11"]
[EventCountry "RUS"]
[Source "lmi"]
[SourceDate "2010.09.21"]
[WhiteTeam "Emiratos Arabes Unidos"]
[BlackTeam "Eslovenia"]
[WhiteTeamCountry "UAE"]
[BlackTeamCountry "SLO"]

1. d4 f5 2. g3 Nf6 3. Bg2 g6 4. c4 Bg7 5. b4 Nc6 6. Nc3 Nxb4 7. Rb1 Nc6 8. Nf3
O-O 9. O-O d6 10. e3 e5 11. dxe5 Ng4 12. Ba3 Re8 13. Qb3 Ngxe5 14. Nxe5 dxe5
15. Rfd1 Qf6 16. Bd5+ Re6 17. Nb5 Ne7 18. Bxe6+ Bxe6 19. Nxc7 1-0

[Event "Olimpiada de Khanty-Mansiysk 2010"]
[Site "Khanty-Mansiysk RUS"]
[Date "2010.09.30"]
[Round "9"]
[White "Lenic, Luka"]
[Black "AlHuwar, Jasem"]
[Result "1-0"]
[WhiteElo "2603"]
[BlackElo "2265"]
[PlyCount "73"]
[EventDate "2010.09.21"]
[EventType "team"]
[EventRounds "11"]
[EventCountry "RUS"]
[Source "lmi"]
[SourceDate "2010.09.21"]
[WhiteTeam "Eslovenia"]
[BlackTeam "Emiratos Arabes Unidos"]
[WhiteTeamCountry "SLO"]
[BlackTeamCountry "UAE"]

1. Nf3 Nf6 2. c4 g6 3. b4 Bg7 4. Bb2 Na6 5. Qb3 c5 6. a3 O-O 7. e3 b6 8. Nc3
Bb7 9. Be2 e5 10. d3 Qe7 11. O-O Rfe8 12. b5 Nc7 13. e4 Nh5 14. g3 f5 15. Nd5
Nxd5 16. cxd5 d6 17. Nd2 f4 18. Qd1 Rf8 19. Bg4 Bh6 20. Nf3 Ng7 21. a4 Bg5 22.
Nd2 h5 23. Bh3 Bh6 24. Kg2 Rf6 25. f3 fxg3 26. hxg3 h4 27. f4 hxg3 28. fxe5
dxe5 29. Rxf6 Qxf6 30. Qf3 Bf4 31. Nc4 Qg5 32. Qg4 Qf6 33. Rf1 Qe7 34. Qxg6 Bc8
35. Bxc8 Rxc8 36. Rh1 Rf8 37. Nd6 1-0

[Event "Olimpiada de Khanty-Mansiysk 2010"]
[Site "Khanty-Mansiysk RUS"]
[Date "2010.09.30"]
[Round "9"]
[White "Omar Noaman, Ali Ali"]
[Black "Borisek, Jure"]
[Result "1/2-1/2"]
[WhiteElo "2220"]
[BlackElo "2535"]
[PlyCount "96"]
[EventDate "2010.09.21"]
[EventType "team"]
[EventRounds "11"]
[EventCountry "RUS"]
[Source "lmi"]
[SourceDate "2010.09.21"]
[WhiteTeam "Emiratos Arabes Unidos"]
[BlackTeam "Eslovenia"]
[WhiteTeamCountry "UAE"]
[BlackTeamCountry "SLO"]

1. d4 g6 2. c4 Bg7 3. e4 d6 4. f3 c6 5. Nc3 a6 6. a4 a5 7. Be3 Na6 8. Rc1 Nf6
9. Bd3 O-O 10. Nge2 e5 11. Qd2 Nd7 12. O-O f5 13. f4 exd4 14. Nxd4 Ndc5 15. Bc2
Nb4 16. exf5 Nxc2 17. Qxc2 Bxd4 18. Bxd4 Bxf5 19. Qd1 Bd3 20. Rf3 Bxc4 21. f5
Rxf5 22. Rxf5 gxf5 23. Qh5 Bf7 24. Qh6 Ne6 25. Bf6 Qb6+ 26. Kh1 Qf2 27. Rd1 Re8
28. h3 Qf4 29. Qxf4 Nxf4 30. Rxd6 Bd5 31. Nxd5 Nxd5 32. Bg5 f4 33. Rd7 Re1+ 34.
Kh2 Re2 35. Kg1 b6 36. b3 h5 37. h4 Re3 38. Rd6 Rc3 39. Kf2 Kf7 40. Rh6 Rxb3
41. Rxh5 c5 42. Rh6 Re3 43. Rd6 Re5 44. Bd8 c4 45. Bxb6 c3 46. Bd4 c2 47. Rc6
Re4 48. Bb2 Rxa4 1/2-1/2

[Event "Olimpiada de Khanty-Mansiysk 2010"]
[Site "Khanty-Mansiysk RUS"]
[Date "2010.09.30"]
[Round "9"]
[White "Sebenik, Matej"]
[Black "Abdulwahab, Marwan"]
[Result "1-0"]
[WhiteElo "2516"]
[BlackElo "2089"]
[PlyCount "77"]
[EventDate "2010.09.21"]
[EventType "team"]
[EventRounds "11"]
[EventCountry "RUS"]
[Source "lmi"]
[SourceDate "2010.09.21"]
[WhiteTeam "Eslovenia"]
[BlackTeam "Emiratos Arabes Unidos"]
[WhiteTeamCountry "SLO"]
[BlackTeamCountry "UAE"]

1. d4 d5 2. Nf3 Nf6 3. c4 dxc4 4. e3 e6 5. Bxc4 a6 6. O-O c5 7. a4 Nc6 8. Qe2
Be7 9. dxc5 Bxc5 10. e4 Qc7 11. h3 Ne5 12. Nxe5 Qxe5 13. Bd3 O-O 14. Nd2 Bd7
15. Nf3 Qh5 16. e5 Nd5 17. Bd2 Nb4 18. Rac1 Be7 19. Rc7 Rad8 20. Be4 b5 21. Rd1
Nd5 22. Bxd5 exd5 23. e6 Bxe6 24. Rxe7 bxa4 25. Bg5 Rb8 26. Rd4 Qg6 27. Kh2 Rb3
28. Rxa4 Rxf3 29. Qxf3 Qxg5 30. Rb7 Bc8 31. Rb8 Qe5+ 32. Qg3 Qe2 33. Rd4 Qe6
34. Qc7 h6 35. Rd3 Qf5 36. Rf3 Qe6 37. Re3 Qf5 38. Rc3 Be6 39. Rxf8+ 1-0

[Event "Olimpiada de Khanty-Mansiysk 2010"]
[Site "Khanty-Mansiysk RUS"]
[Date "2010.09.30"]
[Round "9"]
[White "Ragger, Markus"]
[Black "Ahmed, Abdul Sattar abdul"]
[Result "1/2-1/2"]
[WhiteElo "2628"]
[BlackElo "2342"]
[PlyCount "73"]
[EventDate "2010.09.21"]
[EventType "team"]
[EventRounds "11"]
[EventCountry "RUS"]
[Source "lmi"]
[SourceDate "2010.09.21"]
[WhiteTeam "Austria"]
[BlackTeam "Irak"]
[WhiteTeamCountry "AUT"]
[BlackTeamCountry "IRQ"]

1. Nf3 Nf6 2. g3 g6 3. b3 Bg7 4. Bb2 d6 5. d4 O-O 6. Bg2 e5 7. dxe5 Ng4 8. h3
Nxe5 9. Nxe5 Bxe5 10. Bxe5 dxe5 11. Qxd8 Rxd8 12. Nd2 c6 13. O-O-O Be6 14. Ne4
Nd7 15. Rd2 Kf8 16. Nd6 Rab8 17. f4 Ke7 18. Rhd1 exf4 19. gxf4 f5 20. e4 fxe4
21. Nxe4 Bf5 22. Nd6 Nf8 23. Nxf5+ gxf5 24. Rxd8 Rxd8 25. Rxd8 Kxd8 26. Kd2 Ng6
27. Ke3 Kd7 28. b4 b6 29. Bf1 h5 30. Bd3 Ke6 31. Bc4+ Kf6 32. Bb3 Ke7 33. c3 h4
34. Bd1 Kd6 35. Bc2 Ne7 36. c4 c5 37. b5 1/2-1/2

[Event "Olimpiada de Khanty-Mansiysk 2010"]
[Site "Khanty-Mansiysk RUS"]
[Date "2010.09.30"]
[Round "9"]
[White "Al-Ali, Hussein Ali Husse"]
[Black "Shengelia, David"]
[Result "0-1"]
[WhiteElo "2364"]
[BlackElo "2587"]
[PlyCount "100"]
[EventDate "2010.09.21"]
[EventType "team"]
[EventRounds "11"]
[EventCountry "RUS"]
[Source "lmi"]
[SourceDate "2010.09.21"]
[WhiteTeam "Irak"]
[BlackTeam "Austria"]
[WhiteTeamCountry "IRQ"]
[BlackTeamCountry "AUT"]

1. e4 c6 2. d3 d5 3. Nd2 g6 4. Ngf3 Bg7 5. g3 e5 6. Bg2 Ne7 7. O-O O-O 8. Re1
Qc7 9. c3 Na6 10. d4 exd4 11. Nxd4 Nc5 12. exd5 Nxd5 13. N2b3 Nxb3 14. Qxb3
Bxd4 15. cxd4 Be6 16. Qa3 Qd7 17. b3 Rfe8 18. Bb2 Bh3 19. Bh1 Nf4 20. Bf3 Nd3
21. Red1 Qf5 22. Rxd3 Qxd3 23. b4 Qxa3 24. Bxa3 Be6 25. Be2 Bd5 26. Bd3 b5 27.
Bb2 a5 28. bxa5 Rxa5 29. a3 b4 30. a4 Rea8 31. Re1 Rxa4 32. Bb1 f6 33. f3 Kf7
34. Kf2 Re8 35. Rc1 f5 36. Rd1 Bc4 37. Rd2 Ra7 38. Bd3 Bxd3 39. Rxd3 Rae7 40.
Rd2 Re1 41. d5 cxd5 42. f4 R8e4 43. Be5 Ke6 44. Ra2 d4 45. Bxd4 Kd5 46. Be5 b3
47. Rd2+ Kc4 48. Bb2 Rb1 49. Be5 Rc1 50. Kf3 Rc3+ 0-1

[Event "Olimpiada de Khanty-Mansiysk 2010"]
[Site "Khanty-Mansiysk RUS"]
[Date "2010.09.30"]
[Round "9"]
[White "Neubauer, Martin"]
[Black "Al-Saffar, Araz Basim Moh"]
[Result "1-0"]
[WhiteElo "2428"]
[BlackElo "2348"]
[PlyCount "55"]
[EventDate "2010.09.21"]
[EventType "team"]
[EventRounds "11"]
[EventCountry "RUS"]
[Source "lmi"]
[SourceDate "2010.09.21"]
[WhiteTeam "Austria"]
[BlackTeam "Irak"]
[WhiteTeamCountry "AUT"]
[BlackTeamCountry "IRQ"]

1. d4 d5 2. c4 c6 3. Nf3 Nf6 4. e3 e6 5. b3 Nbd7 6. Bb2 Bd6 7. Bd3 Qe7 8. Ne5
Nxe5 9. dxe5 Bb4+ 10. Nd2 Nd7 11. O-O Bxd2 12. Qxd2 b6 13. cxd5 exd5 14. e4 Nc5
15. exd5 Nxd3 16. Qxd3 cxd5 17. a4 Bb7 18. Ba3 Qe6 19. f4 d4 20. Qxd4 Qd5 21.
Qb2 O-O-O 22. Bd6 Bc6 23. b4 Kb7 24. b5 Bd7 25. Rad1 Qe4 26. Be7 Qxa4 27. Bxd8
Bxb5 28. Rd4 1-0

[Event "Olimpiada de Khanty-Mansiysk 2010"]
[Site "Khanty-Mansiysk RUS"]
[Date "2010.09.30"]
[Round "9"]
[White "Noah, A. H. Al-Ali"]
[Black "Kreisl, Robert"]
[Result "0-1"]
[WhiteElo "2397"]
[BlackElo "2376"]
[PlyCount "78"]
[EventDate "2010.09.21"]
[EventType "team"]
[EventRounds "11"]
[EventCountry "RUS"]
[Source "lmi"]
[SourceDate "2010.09.21"]
[WhiteTeam "Irak"]
[BlackTeam "Austria"]
[WhiteTeamCountry "IRQ"]
[BlackTeamCountry "AUT"]

1. e4 c6 2. d4 d5 3. Nc3 dxe4 4. Nxe4 Bf5 5. Ng3 Bg6 6. f4 e6 7. Nf3 Nd7 8. Bc4
Ngf6 9. Qe2 Be7 10. Ne5 Nb6 11. Bb3 Qxd4 12. c3 Qc5 13. h4 Nbd5 14. c4 Nb6 15.
Be3 Qa5+ 16. Bd2 Bb4 17. O-O-O Bxd2+ 18. Rxd2 O-O 19. Nxg6 fxg6 20. h5 gxh5 21.
Nxh5 Rae8 22. g4 Re7 23. Ng3 Qc5 24. Kb1 g6 25. g5 Nfd7 26. Qe4 Ref7 27. Ne2
Qf5 28. Qxf5 Rxf5 29. Bc2 R5f7 30. b3 e5 31. f5 gxf5 32. Rd6 Rg7 33. Rdh6 Rff7
34. R1h5 Rg6 35. Ng3 e4 36. Nxf5 Rxf5 37. Bxe4 Rxh6 38. Rxh6 Rf1+ 39. Kb2 Nf8
0-1

[Event "Olimpiada de Khanty-Mansiysk 2010"]
[Site "Khanty-Mansiysk RUS"]
[Date "2010.09.30"]
[Round "9"]
[White "Berg, Emanuel"]
[Black "Zhao, Zong-Yuan"]
[Result "1-0"]
[WhiteElo "2616"]
[BlackElo "2583"]
[PlyCount "61"]
[EventDate "2010.09.21"]
[EventType "team"]
[EventRounds "11"]
[EventCountry "RUS"]
[Source "lmi"]
[SourceDate "2010.09.21"]
[WhiteTeam "Suecia"]
[BlackTeam "Australia"]
[WhiteTeamCountry "SWE"]
[BlackTeamCountry "AUS"]

1. e4 c5 2. Nf3 Nc6 3. d4 cxd4 4. Nxd4 g6 5. Nc3 Bg7 6. Be3 Nf6 7. Bc4 O-O 8.
Bb3 d6 9. f3 Bd7 10. Qd2 Na5 11. h4 Nxb3 12. cxb3 Qa5 13. O-O-O b5 14. Kb1 b4
15. Nce2 Rfc8 16. h5 Nxh5 17. g4 Nf6 18. Ng3 Nxg4 19. fxg4 Bxg4 20. Rdf1 Qe5
21. Rf4 h5 22. Ndf5 gxf5 23. Nxh5 Bxh5 24. Rxh5 e6 25. exf5 Rc5 26. Bd4 Rd5 27.
Bxe5 Rxd2 28. Rg4 f6 29. Bxf6 Kf7 30. Bxg7 Rg8 31. Rh7 1-0